climate change modeling for local adaptation in the hindu kush-himalayan region (Record no. 1309112)

MARC details
000 -LEADER
fixed length control field 01427nam a2200229 4500
005 - DATE AND TIME OF LATEST TRANSACTION
control field 20250417135919.0
008 - FIXED-LENGTH DATA ELEMENTS--GENERAL INFORMATION
fixed length control field 250417b |||||||| |||| 00| 0 eng d
020 ## - INTERNATIONAL STANDARD BOOK NUMBER
International Standard Book Number 9781780524863
037 ## - SOURCE OF ACQUISITION
Terms of availability Textual
040 ## - CATALOGING SOURCE
Original cataloging agency RTL
Transcribing agency RTL
084 ## - COLON CLASSIFICATION NUMBER
Classification number U287.297 Q2
Assigning agency RTL
245 ## - TITLE STATEMENT
Title climate change modeling for local adaptation in the hindu kush-himalayan region
260 ## - PUBLICATION, DISTRIBUTION, ETC.
Place of publication, distribution, etc. India
Name of publisher, distributor, etc. Emerald group publishing limited
Date of publication, distribution, etc. 2012
300 ## - PHYSICAL DESCRIPTION
Extent xvii, 237 p. ill.
Other physical details Includes bibliographical reference and index
520 ## - SUMMARY, ETC.
Summary, etc. This book presents a portrait of the social advantages and limitations of climate change related modeling in the Hindu Kush-Himalayan (HKH) region. Physical systems modeling - such as of climate, weather, water, and soil - can be useful planning tools, and are essential to the forecasts and projections used operationally for decisions on climate and development. However, these models and their limitations are rarely discussed in terms of how they are interpreted, misinterpreted, used, not used, needed and not needed by society at the local level for climate change adaptation.
650 ## - SUBJECT ADDED ENTRY--TOPICAL TERM
Topical term or geographic name entry element Management of land & natural resources
9 (RLIN) 752395
650 ## - SUBJECT ADDED ENTRY--TOPICAL TERM
Topical term or geographic name entry element Climatic changes Hindu Kush-Himalayan Region
9 (RLIN) 752396
650 ## - SUBJECT ADDED ENTRY--TOPICAL TERM
Topical term or geographic name entry element Climatic changes Government policy
9 (RLIN) 752397
700 ## - ADDED ENTRY--PERSONAL NAME
Personal name Lamadrid, Armando
Relator term Editor
9 (RLIN) 752398
700 ## - ADDED ENTRY--PERSONAL NAME
Personal name Kelman, Ilan
Relator term Editor
9 (RLIN) 290690
942 ## - ADDED ENTRY ELEMENTS (KOHA)
Source of classification or shelving scheme Colon Classification (CC)
Suppress in OPAC No
Koha item type Textbook
Classification part U287.297 Q2
Holdings
Withdrawn status Lost status Source of classification or shelving scheme Damaged status Not for loan Home library Current library Date acquired Total Checkouts Full call number Barcode Date last seen Price effective from Koha item type
    Colon Classification (CC)     Ratan Tata Library Ratan Tata Library 2025-04-17   U287.297 Q2 RT1528313 2025-04-17 2025-04-17 Textbook
Copyright @ Delhi University Library System